00564nam a2200193Ia 450000500170000000800410001704000190005804100120007708200140008910000170010324500470012026000400016730000110020765000150021885000110023394200070024499900170025195201020026820240322115049.0131103s9999 xx 000 0 und d aLoreto College aEnglish a150 bSHI aShinn,George 4aThe Miracle of Motivation cGeorge Shinn aBombaybBetter Yourself Booksc1985 a247p.  aPsychology aLCBED  cBK c34562d85041 00102ddc4070aMAINbMAINd2013-11-04l0o150 SHI 10168pB37421r2013-11-04w2013-11-04yBKf